Mannschaften der Oberliga Niederrhein 2024/25 - Statistiken

Allgemein
  • Dieses Quiz wurde 21 mal gespielt
  • Das Durchschnittsergebnis liegt bei 7 aus 18
Antwortstatistiken
Mannschaften % Korrekt
1. FC Kleve
61%
SSVg Velbert
61%
SC St. Tönis 11/20
56%
ETB Schwarz-Weiß Essen
50%
TSV Meerbusch
50%
Ratingen 04/19
44%
1. FC Monheim
39%
Sportfreunde Baumberg
39%
VfB Homberg
39%
Mülheimer FC 97
33%
SpVg Schonnebeck
33%
SV Biemenhorst
28%
SV Sonsbeck
28%
VfB 03 Hilden
28%
FC Büderich
22%
Sportfreunde Niederwenigern
22%
TV Dalbecksbaum Velbert
22%
SC Union Nettetal
17%
Keine übereinstimmenden Quizze gefunden
Verteilung der Resultate
Anzahl Personen mit jedem Resultat
Perzentil nach korrekt beantworteten Fragen
Ihre Resultats-Entwicklung
Sie haben dieses Quiz noch nicht gespielt